El racionamiento eléctrico 1992 : (Registro nro. 8005)
[ vista simple ]
| 000 -LEADER | |
|---|---|
| fixed length control field | 01479nam a2200241Ia 4500 |
| 003 - CONTROL NUMBER IDENTIFIER | |
| control field | OSt |
| 005 - DATE AND TIME OF LATEST TRANSACTION | |
| control field | 20210610114854.0 |
| 008 - FIXED-LENGTH DATA ELEMENTS--GENERAL INFORMATION | |
| fixed length control field | 210310s1992 ck ad gr 000 0 spa d |
| 040 ## - CATALOGING SOURCE | |
| Original cataloging agency | CO-JMCR |
| Transcribing agency | CO-JMCR |
| 041 0# - LANGUAGE CODE | |
| Language code of text/sound track or separate title | spa |
| 082 04 - DEWEY DECIMAL CLASSIFICATION NUMBER | |
| Classification number | 333.7932 / |
| Item number | C764r |
| Edition number | 23 |
| 110 1# - MAIN ENTRY--CORPORATE NAME | |
| Corporate name or jurisdiction name as entry element | Colombia. |
| Subordinate unit | Contraloría General de la República |
| 9 (RLIN) | 38305 |
| 245 10 - TITLE STATEMENT | |
| Title | El racionamiento eléctrico 1992 : |
| Remainder of title | antecedentes, causas y responsabilidades / |
| Statement of responsibility, etc. | Contraloría General de la República |
| 260 ## - PUBLICATION, DISTRIBUTION, ETC. | |
| Place of publication, distribution, etc. | Bogotá : |
| Name of publisher, distributor, etc. | Contraloría General de la República, |
| Date of publication, distribution, etc. | 1992 |
| 300 ## - PHYSICAL DESCRIPTION | |
| Extent | 334 páginas : |
| Other physical details | ilustraciones y gráficas a color ; |
| Dimensions | 24 cm. |
| 500 ## - GENERAL NOTE | |
| General note | Incluye notas a pie de página.<br/>"Informe del Contralor General de la República presentado al señor Presidente de la República, al honorable Congreso de la República y al Procurador General de la Nación"--Portada |
| 504 ## - BIBLIOGRAPHY, ETC. NOTE | |
| Bibliography, etc. note | Bibliografía: páginas 325-334 |
| 505 0# - FORMATTED CONTENTS NOTE | |
| Formatted contents note | Conclusiones y responsabilidades -- La estructura institucional del sector eléctrico y el Proyecto de Ley Eléctrica -- El sector eléctrico: su evolución y su situación financiera -- Las causas del racionamiento -- Las empresas de energía: su visión del racionamiento y de sus responsabilidades -- Evaluación CGR y asignación de responsabilidades |
| 650 14 - SUBJECT ADDED ENTRY--TOPICAL TERM | |
| Topical term or geographic name entry element | Consumo de energía eléctrica |
| 9 (RLIN) | 16061 |
| Geographic subdivision | Colombia |
| 650 24 - SUBJECT ADDED ENTRY--TOPICAL TERM | |
| Topical term or geographic name entry element | Utilidades eléctricas |
| Geographic subdivision | Colombia |
| 9 (RLIN) | 38306 |
| 650 24 - SUBJECT ADDED ENTRY--TOPICAL TERM | |
| Topical term or geographic name entry element | Empresas eléctricas |
| General subdivision | Política gubernamental |
| Geographic subdivision | Colombia |
| 9 (RLIN) | 38307 |
| 942 ## - ADDED ENTRY ELEMENTS (KOHA) | |
| Source of classification or shelving scheme | Dewey Decimal Classification |
| Koha item type | Books |
| Withdrawn status | Lost status | Source of classification or shelving scheme | Damaged status | Not for loan | Collection code | Home library | Current library | Date acquired | Source of acquisition | Full call number | Barcode | Date last seen | Copy number | Koha item type |
|---|---|---|---|---|---|---|---|---|---|---|---|---|---|---|
| Dewey Decimal Classification | Non-fiction | Biblioteca Pública José María del Castillo y Rada | Biblioteca Pública José María del Castillo y Rada | 04/15/2018 | Donación | 333.7932 / C764r | 430003645 | 05/16/2024 | Ej.1 | Books |